| 000 | 00722nam a2200241Ia 4500 | ||
|---|---|---|---|
| 003 | OSt | ||
| 005 | 20220923223719.0 | ||
| 006 | a|||||r|||| 00| 0 | ||
| 007 | ta | ||
| 008 | Pun | ||
| 024 | _a220,635 | ||
| 037 | _cTextual | ||
| 040 |
_aARTS _cARTS _bPun |
||
| 041 |
_2Pun _aPun |
||
| 082 | _a4v2, 153M7 | ||
| 100 | _aਅਟਾਰੀ, ਈFਰ ਸਿੰਘ | ||
| 245 | 0 | _aਭਾਰਤ ਵਿੱਚ ਪਤੱਰਕਾਰੀ ਦਾ ਇਤੀਹਾਸ | |
| 260 |
_aਪਟਿਆਲਾ _b ਪਬਲੀਕੇFਨ ਬਿਊਬੋ _c1987 |
||
| 300 |
_a276ਪੰ _ccm. |
||
| 650 | _aਪਤਰਕਾਰਿਤਾ | ||
| 942 |
_h4v2, 153M7 _cTEXL _2CC |
||
| 999 |
_c366931 _d366931 |
||